00971cam a22002651 4500001001300000003000400013005001700017008004100034010001700075025001900092035002000111040001800131042001200149050003000161082000800191110003700199245023600236250001100472260007400483300003200557650003500589700003700624700002700661999001700688sa 67006890 DLC20260227112411.0840621s1966 ii k 000 0 eng  asa 67006890  aPL480:I-E-8688 a(OCoLC)10869604 aDLCcNRUdDLC apremarc00aKNU1230.A311958bC48 1966 a3401 aMaharashtra (India).tLaws, etc.14aThe Bombay village panchayats act, 1958, with rules (Bom. act no. III of 1959)bWith an exhaustive commentary, rules, notifications, appendices, index, etc.,cby D.H. Chaudhari, assisted by A.D. Chaudhari. Foreword by G.B. Khedkar. a3d ed. a[Jalgaon,bD.H. Chaudhari]: sole agents; N.R. Bhalerao, Poona,c1966. axvi, 486 p.bforms.c26 cm. 0aPanchayatzIndiazMaharashtra.1 aChaudhari, Dattatraya Hari,eed.1 aChaudhari, A. D.,eed. c76219d76219